000 02627cam a22005657i 4500
001 23115173
003 OSt
005 20231009151839.0
008 230505t20232023enk 000 f eng d
010 _a 2022361637
020 _a9780571332786
020 _a9780571382088
_q(hardback)
020 _a0571382088
_q(hardback)
035 _a(OCoLC)on1377206959
040 _aIND
_beng
_cIND
_erda
_dIND
_dDLC
042 _alccopycat
050 0 0 _aPR6052.A729
_bO56 2023b
082 _a823.914
_bBAR/S
100 1 _aBarry, Sebastian,
_d1955-
_eauthor.
_99723
245 1 0 _aOld God's time /
_cSebastian Barry.
264 1 _aLondon :
_bFaber & Faber Limited,
_c2023.
264 4 _c©2023
300 _a274 pages ;
_c24 cm
336 _atext
_btxt
_2rdacontent
337 _aunmediated
_bn
_2rdamedia
338 _avolume
_bnc
_2rdacarrier
520 _aRecently retired policeman Tom Kettle is settling into the quiet of his new home, a lean-to annexed to a Victorian castle overlooking the Irish Sea. For months he has barely seen a soul, catching only glimpses of his eccentric landlord and a nervous young mother who has moved in next door. Occasionally, fond memories return, of his family, his beloved wife June and their two children, Winnie and Joe. But when two former colleagues turn up at his door with questions about a decades-old case, one which Tom never quite came to terms with, he finds himself pulled into the darkest currents of his past.
650 0 _aEx-police officers
_vFiction.
650 0 _aRetirees
_vFiction.
650 0 _aCastles
_zIrish Sea
_vFiction.
650 0 _aSecrecy
_vFiction.
650 0 _aGrief
_vFiction.
650 0 _aCold cases (Criminal investigation)
_vFiction.
650 0 _aAdult child sexual abuse victims
_vFiction.
650 7 _aCastles.
_2fast
_0(OCoLC)fst00848428
650 7 _aCold cases (Criminal investigation)
_2fast
_0(OCoLC)fst01736451
650 7 _aEx-police officers.
_2fast
_0(OCoLC)fst00917462
650 7 _aGrief.
_2fast
_0(OCoLC)fst00947883
650 7 _aRetirees.
_2fast
_0(OCoLC)fst01096254
650 7 _aSecrecy.
_2fast
_0(OCoLC)fst01110644
651 7 _aAtlantic Ocean
_zIrish Sea.
_2fast
_0(OCoLC)fst01244035
655 7 _aFiction.
_2fast
_0(OCoLC)fst01423787
655 7 _aPsychological fiction.
_2fast
_0(OCoLC)fst01726481
655 7 _aPsychological fiction.
_2lcgft
655 7 _aNovels.
_2lcgft
776 0 8 _iebook version :
_z9780571332809
906 _a7
_bcbc
_ccopycat
_d3
_encip
_f20
_gy-gencatlg
942 _2ddc
_cBK
_h823.914
_iBAR/S
_k823.914
_mBAR/S
999 _c42611
_d42611